• 首页
  • 本馆介绍
  • 公告通知
  • 最新文献
  • 馆藏检索
  • 电子资源
  • 读者导购
  • 参考咨询
  • 我的图书馆
  • 登录
  • 详细信息显示
  • 放入我的书架
  • 预约/预借图书
  • 作者相关作品
  • 分类相关作品
  • 丛书相关作品
  • 出版社相关作品

书目信息

  • 表格格式
  • 工作单格式
  • 卡片格式
题名:
意大利艺术
    
 
作者: 张石森 , 顾艳龙 主编
分册:  
出版信息: 呼和浩特   远方出版社  2006.01
页数: 252页
开本: 20cm
丛书名:
单 册:
中图分类: J110.99
科图分类:
主题词: 艺术--世界 , 美术--世界
电子资源:
ISBN: 7-80723-082-7
000 00655nam0 2200229 450
001 0755467505
005 20071009092625.47
010    @a7-80723-082-7@dCNY30.00
100    @a20071008d2006 km y0chiy0120 ea
101 0  @achi
102    @aCN@b150000
200 1  @a意大利艺术@Ayi da li yi shu@f张石森,顾艳龙主编@Fzhang shi sen,gu yan long zhu bian
210    @a呼和浩特@c远方出版社@d2006.01
215    @a252页@d20cm
300    @a世界美术全鉴
606 0  @a艺术@x世界
606 0  @a美术@x世界
690    @aJ110.99@v4
701  0 @a张石森@Azhang shi sen@4主编
701  0 @a顾艳龙@Agu yan long@4主编
801  0 @aCN@bPFT@c20071009
905    @aBZT@dJ110.99@e10
    
    意大利艺术/张石森,顾艳龙主编.-呼和浩特:远方出版社,2006.01
    252页;20cm
    世界美术全鉴
    
    ISBN 7-80723-082-7:CNY30.00
    
●
相关链接 在五车中查询图书 在当当中查询图书 在豆瓣中查询图书


正题名:意大利艺术     索取号:J110.99/10         预约/预借

序号 登录号 条形码 馆藏地/架位号 状态 备注
1 589260   230170327   中心书库中库/ 中库015架B面5列6层18/ [索取号:J110.99/10] 在馆    
2 589261   230170326   中心书库中库/ 中库015架B面5列6层27/ [索取号:J110.99/10] 在馆    
3 589262   230170325   中心书库中库/ 中库015架B面5列6层22/ [索取号:J110.99/10] 在馆    
4 589263   230170324   中心书库中库/ 中库015架B面5列6层23/ [索取号:J110.99/10] 在馆    
5 589264   230170322   中心书库中库/ 中库015架B面5列6层26/ [索取号:J110.99/10] 在馆    
6 589265   230170323   中心书库中库/ 中库015架B面5列6层20/ [索取号:J110.99/10] 在馆    
7 589266   230170321   中心书库中库/ 中库015架B面5列6层19/ [索取号:J110.99/10] 在馆    
8 589267   230170320   中心书库中库/ 中库015架B面5列6层24/ [索取号:J110.99/10] 在馆    
9 589268   230170318   中心书库中库/ 中库015架B面5列6层21/ [索取号:J110.99/10] 在馆    
10 589269   230170319   中心书库中库/ 中库015架B面5列6层25/ [索取号:J110.99/10] 在馆    
山东省滨州职业学院图书馆 欢迎您!
大连网信软件有限公司© 版权所有